|
|
|
|
| LEADER |
01520nta a2200229 i 4500 |
| 001 |
dolg26194 |
| 005 |
20231025122144.0 |
| 008 |
231025suuuu hu o 0|| hun d |
| 040 |
|
|
|a PEREPO DOLGOZAT
|b hun
|
| 041 |
|
|
|a hun
|
| 100 |
1 |
|
|a Horváth Eszter
|
| 245 |
1 |
0 |
|a Nyereségadók elszámolása a nemzetközi és a magyar számviteli gyakorlatban
|h [elektronikus dokumentum] /
|c Eszter Horváth
|
| 520 |
3 |
|
|a Közgazdaságtudományok területén végzendő kutatásom tárgya a magyar egyedi beszámolókban nem kezelt halasztott adó elméleti és gyakorlati bemutatása az IAS 12 Nyereségadók nemzetközi számviteli standard és a hazai 1996. évi LXXXI. törvény a társasági adóról és az osztalékadóról szóló törvény tükrében. A kutatás eredményeképpen megkísérlem bemutatni a magyar számviteli törvény (továbbiakban: Sztv.) és az IFRS, azaz a nemzetközi számviteli szabályozás között fennálló legnagyobb eltérést mutató területet, a halasztott adót.
|
| 695 |
|
|
|a számvitel - könyvvitel
|
| 695 |
|
|
|a adó - adózás - adóügy
|
| 695 |
|
|
|a nyereségadó
|
| 695 |
|
|
|a nemzetközi kitekintés - nemzetközi összehasonlítás
|
| 695 |
|
|
|a Nemzetközi Pénzügyi Beszámolási Standardok - International Financial Reporting Standards - IFRS
|
| 695 |
|
|
|a konszolidáció - konszolidálás
|
| 695 |
|
|
|a halasztott adó
|
| 700 |
2 |
|
|a Simonné Romsics Erika
|e ths
|
| 856 |
4 |
0 |
|u https://perepo-dolgozat.uni-pannon.hu/id/eprint/26194/1/horv%C3%A1th_eszter_2018TDK.pdf
|z Dokumentum-elérés
|